000
00280nam a22001217a 4500
020
_a
0-408-00136-4
082
_a
621.3893 BRO'Q
100
_a
BROWN, C
_9
78135
245
_a
QUESTIONS AND ANSWERS ON HI-FI
260
_a
LONDON
_b
BUTTERWORTHS
_c
1974
300
_a
104P
942
_c
BK
999
_c
583296
_d
583296